banner-ar

تاريخ النهضة الطبية المصرية : (Record no. 60492)

MARC details
000 -الفاتح
حقل البيانات ثابتة الطول 01013nam a22002417a 4500
005 - وقت وتاريخ اخر تعامل مع التسجيلة
رقم الضبط 20240530110413.0
008 - عناصر البيانات ثابتة الطول - معلومات عامة
حقل البيانات ثابتة الطول 150222s2010 ua fob f 000 0 ara d
017 ## - رقم الايداع القانونى
رقم الايداع القانونى 2624/2000
المصدر ( الهيئة المختصة) مصر . دار الكتب المصرية
020 ## - الرقم الدولى المعيارى للكتب
الرقم الدولى المعيارى للكتاب 9771412124
040 ## - مصدر الفهرسة
وكالة الفهرسة الأصلية EG-CaGPL
041 0# - رمز اللغة
رمز لغة النص/ المسارات الصوتية أو العنوان الانفرادي ara
082 04 - رقم تصنيف ديوى العشرى
رقم الطبعة 21
رقم التصنيف 610.074
رقم المادة ق/م ت
100 0# - المدخل الرئيسى - إسم شخصى
الإسم الشخصى محمود فوزى المناوى
245 10 - بيان العنوان
العنوان تاريخ النهضة الطبية المصرية :
بقية العنوان متحف قصر العينى /
بيان المسئوليه,etc تاليف محمود فوزى المناوى ، حسنى محمد نويصر ؛ اشراف داليا محمد ابراهيم
246 13 - العنوان الموازى
عنوان صحيح/عنوان مختصر The Renaissance of Egyptian Medical history :
بقية العنوان Kasr El Aini Museum /
250 ## - بيان الطبعة
بيان الطبعة ط2
260 ## - PUBLICATION, DISTRIBUTION, ETC. (IMPRINT)
تاريخ النشر أو التوزيع 2010
300 ## - الوصف المادى
التعداد 55 + 200 ص :
تفاصيل ماديه اخرى للوعاء ايض ؛
أبعاد الوعاء 24 سم
650 04 - المدخل الاضافى بالموضوع-مصطلح موضوعى
مصطلح موضوعي الطب
التقسيم الفرعي العام تاريخ
التقسيم الفرعي الجغرافي مصر
650 04 - المدخل الاضافى بالموضوع-مصطلح موضوعى
مصطلح موضوعي متحف قصر العينى
700 0# - المدخل الاضافى - اسم شخصى
الإسم الشخصى حسن محمد نويصر
942 ## - عناصر المدخل الإضافي( كوها)
مصدر التصنيف او مخطط الترفيف Dewey Decimal Classification
Koha [default] item type كتاب
260 ## - PUBLICATION, DISTRIBUTION, ETC. (IMPRINT)
-- القاهرة :
-- نهضة مصر للطباعة والنشر والتوزيع ،
Holdings
حالة التراجع حالة الفقد حالة تلف ليس للاعارة المكان المؤقت الموقع الحالى تاريخ الاكتساب اجمالي اﻻعارات رقم الطلب الباركود تاريخ اخر مشاهدة تاريخ تفعيل السعر نوع وعاء كوها
        مكتبة القاهرة الكبرى مكتبة القاهرة الكبرى 02/22/2015   610.074 ق/م ت 159558 02/22/2015 02/22/2015 كتاب

Powered By

EGPV